Sumo primero 4° básico: Tomo 2: Texto del estudiante
Gespeichert in:
| 1. Verfasser: | |
|---|---|
| Format: | Buch |
| Sprache: | Spanisch |
| Erschienen: |
s.i.
Mineduc
2025
|
| Ausgabe: | 6° ed. |
| Katalog: | MANES: Suchergebnis im Bibliothekskatalog |
| Schulbuchspezifische Eigenschaften: |
|
| Tags: |
Tag hinzufügen
Keine Tags, Fügen Sie den ersten Tag hinzu!
|
| Hinzugefügt zu: | 15.02.2026 |
| Geändert in: | 16.02.2026 |
MARC
| LEADER | 00000nam a22000007a 4500 | ||
|---|---|---|---|
| 003 | OSt | ||
| 005 | 20260216211757.0 | ||
| 008 | 260216b |||||||| |||| 00| 0 spa d | ||
| 040 | |a centro_ manes |c MGM | ||
| 100 | |a Masami Isoda |b Autor |9 43490 | ||
| 245 | |a Sumo primero 4° básico: Tomo 2: Texto del estudiante | ||
| 250 | |a 6° ed. | ||
| 260 | |a s.i. |b Mineduc |c 2025 | ||
| 300 | |a 215 pp. |c 21x27 cm | ||
| 546 | |a CHILE | ||
| 561 | |a Chile. Museo de la Educación Gabriela Mistral |3 T. Matemática 0666 |5 cl-MGM |k MANES | ||
| 690 | |a MATE | ||
| 691 | |a PRI | ||
| 942 | |2 ddc |c BK | ||
| 999 | |c 105413 |d 105413 | ||
| 999 | |c manes:105413 |d 105413 | ||